Представление документа в формате MARC21

Поле Инд. ПП Название Значение
Тип записи a
Библиографический уровень m
001 Контрольный номер RU/IS/BASE/264547760
005 Дата корректировки 20250403125916.2
008 Кодируемые данные 19971210
040 00 e Правила каталог. Г.Я. 971210
084 a Индекс другой классификации/Индекс ББК 84(4Фра)6-44
090 00 a Полочн. индекс 84(4Фра)6-44
x Авторский знак П 474
097 00 a 210
100 10 a Автор Познер В. А.
q Полное имя Познер Владимир Александрович
245 00 a Заглавие Место казни
c Ответственность перевод с французского К. Наумова; предисловие Ю. Уварова; редактор А. Борисевич; художник Л. А. Кравченко
260 00 a Место издания Москва
b Издательство Иностранная литература
c Дата издания 1963
300 00 a Объем 207 с.
336 a Термин вида содержания Текст
337 a Термин типа средства непосредственный
505 0_ a Форматированное содержание История одной любви
505 0_ a Форматированное содержание Дорога араба и дорога француза
505 0_ a Форматированное содержание Пруды фонтаржант
505 0_ a Форматированное содержание На рассвете
505 0_ a Форматированное содержание Синий плащ
650 04 a Основная рубрика художественная литература
653 00 a Ключевые слова XX век
a Ключевые слова Франция
a Ключевые слова французская литература
655 a Жанр/ форма (устаревшее) проза
a Жанр/ форма (устаревшее) рассказ
700 10 a Автор Уваров Ю.
e Роль лиц автор предисловия
700 10 a Автор Борисевич А.
e Роль лиц редактор
700 10 a Автор Наумов К.
e Роль лиц переводчик
700 1_ a Автор Кравченко Л. А.
e Роль лиц художник
901 t Тип документа m
952 a Тип литературы для КСУ ВШ ЛХИ